00000000nam##2200000za#4500
0019.574405
003CaOODSP
00520210624184152
007cr |||||||||||
008150406|2010||||xxc|||||o    f|0| 0 eng|d
022 |a1488-5379
040 |aCaOODSP|beng
043 |an-cn---
0861 |aFs97-6/2860E-PDF
1101 |aCanada. |bDepartment of Fisheries and Oceans.
24510|aGuidelines for cage culture of Atlantic halibut in Canadian Maritime waters / |h[electronic resource]|cby E. J. Stuart ... [et al.].
260 |aSt. Andrews - New Brunswick : |bFisheries and Oceans Canada |c2010.
300 |a31p.|bgraph, maps, references, photographs
4901 |aCanadian technical report of fisheries and aquatic sciences|x1488-5379|v2860
546 |a(Résumé en français)
590 |a12-33-Supp|b2012-07-18
7201 |aStuart, E. J.
7760#|tGuidelines for cage culture of Atlantic halibut in Canadian Maritime waters / |w(CaOODSP)9.619800
830#0|aCanadian technical report of fisheries and aquatic sciences,|x1488-5379|v2860|w(CaOODSP)9.504449
85640|ahttp://publications.gc.ca|qPDF|s399 KB |uhttps://publications.gc.ca/collections/collection_2012/mpo-dfo/Fs97-6-2860-eng.pdf|y2860